| 000 | 00395nam a2200133Ia 4500 | ||
|---|---|---|---|
| 008 | 231129s9999||||xx |||||||||||||| ||spa|| | ||
| 020 | _a958-28-1327-X | ||
| 040 | _bspa | ||
| 082 | _aCo863 E77g | ||
| 100 | _aEspaña Arenas Gonzalo | ||
| 245 | 0 | _aGalería de piratas y bandidos de América | |
| 264 | _aBogotá Colombia : Intermedio | ||
| 942 |
_2ddc _cBKS |
||
| 999 |
_c14330 _d14330 |
||